Combien de ville de la Martinique (972) connais-tu ? - Statistiques

Statistiques générales
  • Ce quiz a été pris 100 fois
  • Le résultat moyen est 21 sur 34
Statistiques - réponses
Code postal Ville % Correct
97200 Fort-de-France
96%
97232 Le Lamentin
86%
97250 Saint-Pierre
82%
97180 Sainte-Anne
79%
97220 La Trinité
78%
97231 Le Robert
77%
97274 Schœlcher
75%
97230 Sainte-Marie
73%
97224 Ducos
71%
97240 Le François
70%
97260 Le Morne-Rouge
68%
97229 Les Trois-Îlets
68%
97228 Sainte-Luce
68%
97215 Rivière-Salée
67%
97223 Le Diamant
66%
97290 Le Marin
64%
97211 Rivière-Pilote
64%
97213 Gros-Morne
63%
97280 Le Vauclin
59%
97218 Grand'Rivière
58%
97226 Le Morne-Vert
56%
97212 Saint-Joseph
56%
97222 Bellefontaine
52%
97222 Case-Pilote
52%
97221 Le Carbet
51%
97270 Saint-Esprit
51%
97214 Le Lorrain
49%
97218 Macouba
49%
97225 Le Marigot
48%
97250 Le Prêcheur
47%
97217 Les Anses-d'Arlet
47%
97218 Basse-Pointe
40%
97250 Fonds-Saint-Denis
27%
97216 L'Ajoupa-Bouillon
12%
Aucun quiz correspondant
Distribution des résultats
% des personnes avec chaque résultat
Percentile par nombre de réponses
Votre historique - résultats
Vous n’avez pas pris ce quiz